Most Streamed Lil Wayne Songs - Statistics

General Stats
  • This quiz has been taken 57 times
  • The average score is 7 of 20
Answer Stats
# Streams Answer % Correct
9 710,264,072 A Milli
87%
8 712,828,744 Lollipop
87%
13 596,790,685 6 Foot 7 Foot
73%
6 728,169,634 Forever
57%
3 1,259,518,880 Love Me
53%
14 544,069,824 She Will
53%
2 1,270,543,396 Sucker for Pain
53%
10 668,783,804 Mirror
50%
11 654,199,905 The Motto
30%
4 927,091,302 Down
23%
1 1,364,595,166 I'm the One
23%
17 501,207,992 Let Me Love You
17%
18 494,641,181 Look At Me Now
17%
7 720,847,759 Loyal
13%
12 620,666,348 Only
13%
20 449,360,403 Sticky
13%
5 803,255,048 WHATS POPPIN
13%
16 522,700,046 You
13%
15 529,302,436 No Problem
10%
19 480,146,482 Beware
3%
No matching quizzes found
Score Distribution
Percent of People with Each Score
Percentile by Number Answered
Your Score History
You have not taken this quiz